00434nam a2200157Ia 4500008004100000020001500041082001600056100001800072245001700090250000700107260004300114300002900157500001900186600002100205650005000226240925s9999 xx 000 0 und d a8176355860 a005.133 MAY aJoseph , Mayo 0aC# unleashed aNA aIndia:bTechmedia publicationsc,2001. axvii,698p.bNAfOriginal aIncludes Index aComputer Science aComputer science, information & general works